<?xml version="1.0" encoding="UTF-8"?>
<record
    xmlns:xsi="http://www.w3.org/2001/XMLSchema-instance"
    xsi:schemaLocation="http://www.loc.gov/MARC21/slim http://www.loc.gov/standards/marcxml/schema/MARC21slim.xsd"
    xmlns="http://www.loc.gov/MARC21/slim">

  <leader>00859nab a2200229 uc4500</leader>
  <controlfield tag="001">757497</controlfield>
  <controlfield tag="005">20241120090425.0</controlfield>
  <controlfield tag="008">020626s2002                        spa  </controlfield>
  <datafield tag="035" ind1=" " ind2=" ">
    <subfield code="a">757497</subfield>
  </datafield>
  <datafield tag="035" ind1=" " ind2=" ">
    <subfield code="a">(OCoLC)819977265</subfield>
  </datafield>
  <datafield tag="040" ind1=" " ind2=" ">
    <subfield code="c">comduadb</subfield>
  </datafield>
  <datafield tag="041" ind1=" " ind2=" ">
    <subfield code="a">spa</subfield>
  </datafield>
  <datafield tag="100" ind1="1" ind2="0">
    <subfield code="a">Pires, P. R.</subfield>
    <subfield code="4">aut</subfield>
    <subfield code="e">aut</subfield>
    <subfield code="9">523744</subfield>
  </datafield>
  <datafield tag="245" ind1="1" ind2="0">
    <subfield code="a">Otra vuelta a la television</subfield>
  </datafield>
  <datafield tag="650" ind1=" " ind2=" ">
    <subfield code="a">Bourdieu, Pierre, 1930-2002. Entrevista</subfield>
    <subfield code="9">102103</subfield>
  </datafield>
  <datafield tag="650" ind1=" " ind2=" ">
    <subfield code="a">Bourdieu, Pierre, 1930-2002. Sobre la television</subfield>
    <subfield code="9">100794</subfield>
  </datafield>
  <datafield tag="650" ind1=" " ind2=" ">
    <subfield code="a">Critica de los medios de comunicacion de masas</subfield>
    <subfield code="9">16919</subfield>
  </datafield>
  <datafield tag="650" ind1=" " ind2=" ">
    <subfield code="a">Intelectuales y sociedad</subfield>
    <subfield code="9">30008</subfield>
  </datafield>
  <datafield tag="700" ind1="1" ind2="0">
    <subfield code="a">Bourdieu, Pierre,</subfield>
    <subfield code="d">1930-2002</subfield>
    <subfield code="4">aut</subfield>
    <subfield code="0">(isni)0000 0001 2138  5892</subfield>
    <subfield code="0">(viaf)71387829</subfield>
    <subfield code="e">aut</subfield>
    <subfield code="9">701897</subfield>
  </datafield>
  <datafield tag="773" ind1="0" ind2=" ">
    <subfield code="t">Revista Colombiana de Educaci&#xF3;n (Bogot&#xE1;)</subfield>
    <subfield code="g">N&#xFA;mero 42, Enero-Junio 2002, p. 93-98</subfield>
    <subfield code="w">121857</subfield>
    <subfield code="x">0120-3916</subfield>
    <subfield code="0">68221</subfield>
  </datafield>
  <datafield tag="942" ind1=" " ind2=" ">
    <subfield code="c">ARIMP</subfield>
  </datafield>
  <datafield tag="999" ind1=" " ind2=" ">
    <subfield code="c">242598</subfield>
    <subfield code="d">242598</subfield>
  </datafield>
</record>
